Catálogo

1001 trucos publicitarios / (Registro nro. 61435)

Detalles MARC
000 -LEADER
fixed length control field 00676nam a2200217 u 4500
001 - CONTROL NUMBER
control field 61435
005 - DATE AND TIME OF LATEST TRANSACTION
control field 20180714063050.0
008 - FIXED-LENGTH DATA ELEMENTS--GENERAL INFORMATION
fixed length control field 140918s2013 mx a r 000 0 spa d
020 ## - INTERNATIONAL STANDARD BOOK NUMBER
International Standard Book Number 978-607-95349-1-2
082 0# - DEWEY DECIMAL CLASSIFICATION NUMBER
Classification number 659.1
Item number DUP
100 1# - MAIN ENTRY--PERSONAL NAME
Personal name Dupont, Luc,
Relator term autor
245 10 - TITLE STATEMENT
Title 1001 trucos publicitarios /
Statement of responsibility, etc. Luc Dupont.
250 ## - EDITION STATEMENT
Edition statement 17ª. Edición internacional
264 #1 - PRODUCTION, PUBLICATION, DISTRIBUTION, MANUFACTURE, AND COPYRIGHT NOTICE
Place of production, publication, distribution, manufacture México :
Name of producer, publisher, distributor, manufacturer Ediciones Robinbook,
Date of production, publication, distribution, manufacture, or copyright notice 2013
300 ## - PHYSICAL DESCRIPTION
Extent 261 páginas :
Other physical details ilustraciones ;
Dimensions 23 cm.
336 ## - CONTENT TYPE
Content type term texto
Content type code rdacontent
337 ## - MEDIA TYPE
Media type term sin mediación
Source rdamedia
338 ## - CARRIER TYPE
Carrier type term volumen
Source rdacarrier
650 #1 - SUBJECT ADDED ENTRY--TOPICAL TERM
Topical term or geographic name entry element Publicidad
700 1# - ADDED ENTRY--PERSONAL NAME
Personal name Colobrans Delgado, Jordi,
Relator term traductor
Existencias
Withdrawn status Lost status Source of classification or shelving scheme Damaged status Not for loan Collection code Home library Current library Shelving location Date acquired Source of acquisition Inventory number Total Checkouts Full call number Barcode Date last seen Date last checked out Price effective from Koha item type Total Renewals
    Dewey Decimal Classification     General Biblioteca Karol Wojtyla Biblioteca Karol Wojtyla Sala general 18/09/2014 Compra 151000000000000000030264 1 659.1 DUP 2013 92295 05/01/2026 21/01/2020 18/09/2014 Libro  
    Dewey Decimal Classification     General Biblioteca Karol Wojtyla Biblioteca Karol Wojtyla Sala general 18/09/2014 Compra 151000000000000000030262 3 659.1 DUP 2013 92293 05/01/2026 17/05/2024 18/09/2014 Libro  
    Dewey Decimal Classification     General Biblioteca Karol Wojtyla Biblioteca Karol Wojtyla Sala general 18/09/2014 Compra 151000000000000000030263 2 659.1 DUP 2013 92294 05/01/2026 10/06/2024 18/09/2014 Libro 1